000 00585nam a22001817a 4500
005 20251108164237.0
008 250721s1985 xx 000 0 ara d
082 1 4 _a311/زكي
100 1 _aعزمي، زكي أحمد
245 1 0 _aالمفاهيم و الأدوات الإحصائية للمشتغلين في مجال العلوم الإجتماعية /
250 _aط2.
264 1 _aالقاهرة :
_bمكتبة نهضة الشرق،
_c1985.
300 _a238ص
650 1 7 _aالإحصاءات
700 1 _aروفائيل، صليب
942 _2ddc
_cBK
999 _c7294
_d7294